Orașe cu tramvaie - Statistics

General Stats
  • This quiz has been taken 3 times
  • The average score is 9 of 11
Answer Stats
Populație (2021) Oraș % Correct
145.078 Arad
100%
1.716.961 București
100%
286.598 Cluj-Napoca
100%
234.140 Craiova
100%
217.851 Galați
100%
271.692 Iași
100%
250.849 Timișoara
100%
154.686 Brăila
67%
183.105 Oradea
67%
180.539 Ploiești
67%
58.393 Reșița
33%
No matching quizzes found
Score Distribution
Percent of People with Each Score
Percentile by Number Answered
Your Score History
You have not taken this quiz